| 000 | 00812nam a22002417a 4500 | ||
|---|---|---|---|
| 999 |
_c16753 _d16753 |
||
| 003 | AR-CdUCM | ||
| 008 | 190506b ||||| |||| 00| 0 spa d | ||
| 040 |
_aMUNICIPALIDAD PROVINCIAL DEL CUSCO _cBIBLIOTECA MUNICIPAL DEL CUSCO |
||
| 041 | _hita | ||
| 082 |
_a340.924 / _bCH57 |
||
| 100 |
_aCalamandrei, Piero _99811 |
||
| 245 |
_aChiovenda : _brecuerdo de juristas / |
||
| 260 |
_aBuenos Aires : _bJurídicas Europa-América, _c1959. |
||
| 300 |
_a279 páginas ; _c16 cm. |
||
| 440 |
_aBreviarios de derecho ; _n25 _936382 |
||
| 505 | _aContenido: El sistema -- La escuela -- El método -- El maestro ... | ||
| 650 |
_aAbogados _910136 |
||
| 650 |
_aItalia _92273 |
||
| 650 |
_aBiografía _922 |
||
| 700 |
_aSentís Melendo, Santiago (traductor) _936383 |
||
| 942 |
_2ddc _cLIBROS |
||
| 945 |
_aacv _d2019-05-06 |
||